000 00247 a2200109 4500
001 71093
040 _cAnchieta - Colégio São Paulo
240 1 0 _aSarau intercultural 2010
_l
245 1 0 _aSarau intercultural 2010
650 4 _aMúsica
942 _cMX
999 _c71093
_d71093